000
00254nam a22001217a 4500
020
_a
1-8464-6117-0
082
_a
823
_b
KIR/T
100
_a
KIRK, DAVID
245
_a
TOP O BIG TREE
260
_a
32
_b
LADY BIRD
650
_a
ENGLISH SHORT STORY
942
_c
BK
999
_c
2640
_d
2640